[Event "FIDE Disabilities Olym"]
[Site "Belgrade"]
[Date "2023.02.02"]
[Round "?"]
[White "Batista Rivera, Idalis"]
[Black "Sarkar, Md Ali Newaz"]
[Result "1/2-1/2"]
[WhiteElo "1775"]
[BlackElo "1809"]
[PlyCount "93"]
[EventDate "2023.01.30"]
[EventType "team-swiss"]
[EventRounds "6"]
[EventCountry "SRB"]
[SourceTitle "CBM 212 Extra"]
[Source "ChessBase"]
[SourceDate "2023.03.31"]
[SourceVersion "1"]
[SourceVersionDate "2023.03.31"]
[SourceQuality "1"]
[WhiteTeam "Cuba"]
[BlackTeam "Bangladesh"]
[WhiteTeamCountry "CUB"]
[BlackTeamCountry "BAN"]

1. e4 c5 2. Nf3 Nc6 3. Bb5 Nd4 4. Nxd4 cxd4 5. Bc4 e5 6. Qh5 Qe7 7. d3 Nf6 8. Qf3 h6 9. c3 dxc3 10. Nxc3 a6 11. Bd2 d6 12. h3 Be6 13. Bxe6 Qxe6 14. Qe3 Be7 15. Qb6 Qd7 16. Rc1 Rc8 17. 0-0 0-0 18. Be3 Rc6 19. Qb3 Rfc8 20. a3 b5 21. Rfd1 Qb7 22. Nd5 Nxd5 23. Qxd5 Qd7 24. Rxc6 Rxc6 25. Bd2 Rc5 26. Qa8+ Qc8 27. Qxc8+ Rxc8 28. Bc3 f6 29. d4 Kf7 30. dxe5 dxe5 31. Rd3 Ke6 32. Kf1 Bc5 33. Ke2 Bb6 34. Rd5 Rd8 35. Rxd8 Bxd8 36. f3 Bb6 37. Kd3 g6 38. Bd2 h5 39. g4 Bd4 40. b3 Bc5 41. a4 Kd6 42. gxh5 gxh5 43. Be1 Kc6 44. Bh4 Be7 45. Bf2 Bd6 46. Kc3 Be7 47. Kd3 1/2-1/2

[Event "Moncada Cup-I"]
[Site "Santiago de Cuba"]
[Date "2019.03.25"]
[Round "6.3"]
[White "Batista Rivera, Idalis"]
[Black "Garces Rosales, Diana"]
[Result "1/2-1/2"]
[WhiteElo "1808"]
[BlackElo "1766"]
[PlyCount "58"]
[EventDate "2019.03.20"]
[EventType "tourn"]
[EventRounds "10"]
[EventCountry "CUB"]
[SourceTitle "EXT 2023"]
[Source "ChessBase"]
[SourceDate "2022.10.05"]
[SourceVersion "1"]
[SourceVersionDate "2022.10.05"]
[SourceQuality "1"]

1. e4 e5 2. Nf3 Nc6 3. Bb5 d6 4. c3 Bd7 5. Ba4 Nf6 6. Qe2 g6 7. 0-0 Bg7 8. d3 0-0 9. Bb3 Qe7 10. Re1 Rfe8 11. Nbd2 Bg4 12. h3 Be6 13. Ba4 Bd7 14. Bb3 Nh5 15. Nf1 Nf4 16. Bxf4 exf4 17. Qd2 Bh6 18. N1h2 Ne5 19. d4 Nxf3+ 20. Nxf3 Qf8 21. Rad1 Rad8 22. Qd3 Be6 23. d5 Bd7 24. Qc4 c6 25. Qd4 a6 26. dxc6 Bxc6 27. Bd5 Bxd5 28. Qxd5 Qe7 29. Rd2 Bf8 1/2-1/2

[Event "Moncada Cup"]
[Site "Santiago de Cuba"]
[Date "2017.03.25"]
[Round "6.1"]
[White "Batista Rivera, Idalis"]
[Black "Perez Lorenzo, Enmanuel"]
[Result "1/2-1/2"]
[WhiteElo "1845"]
[BlackElo "1708"]
[PlyCount "48"]
[EventDate "2017.03.21"]
[EventType "swiss"]
[EventRounds "10"]
[EventCountry "CUB"]
[SourceTitle "EXT 2023"]
[Source "ChessBase"]
[SourceDate "2022.10.05"]
[SourceVersion "1"]
[SourceVersionDate "2022.10.05"]
[SourceQuality "1"]

1. c4 Nf6 2. Nc3 e6 3. d4 Bb4 4. Bd2 0-0 5. a3 Be7 6. Nf3 d5 7. e3 c5 8. Be2 Nc6 9. dxc5 Bxc5 10. cxd5 Nxd5 11. 0-0 a6 12. Qc2 Nf6 13. Rfd1 Qc7 14. Rac1 Bd7 15. Ne4 Be7 16. Nxf6+ Bxf6 17. Bc3 Bxc3 18. Qxc3 Rac8 19. h3 Rfd8 20. Qb3 Qb8 21. Rc3 Na5 22. Rxc8 Qxc8 23. Qb6 Nc6 24. Nd4 Ne5 1/2-1/2